Logo CIB grande

THE PHANTOM OF THE OPERA (Registro nro. 232181)

Detalles MARC
000 -LEADER
campo de control de longitud fija 00493nam a2200205Ia 4500
005 - FECHA Y HORA DE LA ÚLTIMA TRANSACCIÓN
campo de control 20250425162600.0
008 - DATOS DE LONGITUD FIJA--INFORMACIÓN GENERAL
campo de control de longitud fija 250425s9999 xx 000 0 und d
020 ## - NÚMERO INTERNACIONAL ESTÁNDAR DEL LIBRO
Número Internacional Estándar del Libro 9780194789158
041 ## - CÓDIGO DE IDIOMA
Código de lengua del texto/banda sonora o título independiente eng
082 ## - NÚMERO DE LA CLASIFICACIÓN DECIMAL DEWEY
Número de clasificación 428.6
010 ## - NÚMERO DE CONTROL DE LA BIBLIOTECA DEL CONGRESO
Número de control de LC 87031
100 ## - ENTRADA PRINCIPAL--NOMBRE DE PERSONA
Nombre de persona BASSETT, JENNIFER
245 #0 - MENCIÓN DEL TÍTULO
Título THE PHANTOM OF THE OPERA
250 ## - MENCION DE EDICION
Mención de edición 1ST ED.
260 ## - PUBLICACIÓN, DISTRIBUCIÓN, ETC.
Lugar de publicación, distribución, etc. OXFORD
260 ## - PUBLICACIÓN, DISTRIBUCIÓN, ETC.
Lugar de publicación, distribución, etc. Reino Unido
Nombre del editor, distribuidor, etc. OXFORD UNIVERSITY PRESS
Fecha de publicación, distribución, etc. 2008
300 ## - DESCRIPCIÓN FÍSICA
Extensión 56
650 ## - PUNTO DE ACCESO ADICIONAL DE MATERIA--TÉRMINO DE MATERIA
Término de materia o nombre geográfico como elemento de entrada INGLES-LIBROS DE LECTURA
942 ## - ELEMENTOS DE ENTRADA SECUNDARIOS (KOHA)
Tipo de ítem Koha Libros
Existencias
Estatus retirado Estado de pérdida Estado de daño No para préstamo Biblioteca de origen Biblioteca actual Ubicación en estantería Fecha de adquisición Coste, precio normal de compra Etiqueta RFID Total de préstamos Total de renovaciones Código de barras Visto por última vez Fecha del último préstamo Copia número Tipo de ítem Koha
        CENTRO DE INFORMACIÓN BIBLIOTECARIA CENTRO DE INFORMACIÓN BIBLIOTECARIA   31/08/2013 10.00 0000000000000000006595 1 1 D-95162 08/09/2025 13/08/2025 1 Libros
        CENTRO DE INFORMACIÓN BIBLIOTECARIA CENTRO DE INFORMACIÓN BIBLIOTECARIA   31/08/2013 10.00 0000000000000000006596     D-95163     2 Libros

Copyright 2025 ESPOL. Todos los derechos reservados.